000 00738nam a2200193Ia 4500
003 GCL
008 140319s9999 xx 000 0 ara d
040 _aGCL /
_cGCL
082 0 4 _a301.1
_bع س
100 1 _aعباس مكى
245 1 0 _aالسلطة الابوية والشباب : دراسة ميدانية اجتماعية نفسية حول طبيعة السلطة وتمثلها /
_cعباس مكى
700 1 _aزهير حطب
260 _a[S.N] :
_bمعهد الانتماء العربى ،
_c1900
300 _a247 ص
490 _aالدراسات الانسانية علم اجتماع الاسرة
_v0
650 0 4 _aعلم النفس التربوى
650 0 4 _aعلم النفس الاجتماعى
942 _2ddc
_cBK
999 _c27823
_d27823